000 00253nam a2200097Ia 4500
008 200302s9999 xx 000 0 und d
100 _aBirkhauser Basel
245 _aMade of concrete mettler studer
260 _bBirkhauser Verlag Gmbh Basel
260 _c2018
999 _c7399
_d7399